Meilleurs pays du monde en volleyball - Statistiques

Statistiques générales
  • Ce quiz a été pris 391 fois
  • Le résultat moyen est 22 sur 31
Statistiques - réponses
Nombre de médailles
or + argent + bronze
Pays % Correct
Championnat du monde 2 12 Brésil
92%
Jeux olympiques 3 12 Brésil
92%
Cumul JO et Championnat du monde 2 24 Brésil
92%
Championnat du monde 5 8 Etats-Unis
92%
Jeux olympiques 2 13 Etats-Unis
92%
Cumul JO et Championnat du monde 3 21 Etats-Unis
92%
Championnat du monde 4 9 Japon
89%
Jeux olympiques 4 9 Japon
89%
Cumul JO et Championnat du monde 4 18 Japon
89%
Championnat du monde 5 8 Italie
88%
Jeux olympiques 6 7 Italie
88%
Cumul JO et Championnat du monde 5 15 Italie
88%
Championnat du monde 1 25 Russie
85%
Jeux olympiques 1 19 Russie
85%
Cumul JO et Championnat du monde 1 44 Russie
85%
Championnat du monde 3 10 Pologne
80%
Jeux olympiques 8 4 Pologne
80%
Cumul JO et Championnat du monde 6 14 Pologne
80%
Championnat du monde 8 6 Chine
72%
Jeux olympiques 5 6 Chine
72%
Cumul JO et Championnat du monde 8 12 Chine
72%
Jeux olympiques 9 2 Serbie
64%
Championnat du monde 5 8 Cuba
42%
Jeux olympiques 7 5 Cuba
42%
Cumul JO et Championnat du monde 7 13 Cuba
42%
Jeux olympiques 9 2 Pays-Bas
41%
Championnat du monde 9 5 Bulgarie
38%
Jeux olympiques 9 2 Bulgarie
38%
Cumul JO et Championnat du monde 9 7 Bulgarie
38%
Championnat du monde 9 5 Roumanie
30%
Cumul JO et Championnat du monde 10 5 Roumanie
30%
Aucun quiz correspondant
Distribution des résultats
% des personnes avec chaque résultat
Percentile par nombre de réponses
Votre historique - résultats
Vous n’avez pas pris ce quiz